Statistical outline of India 1999-2000 (Record no. 41778)

MARC details
000 -LEADER
fixed length control field 00319nam a2200121Ia 4500
082 ## - DEWEY DECIMAL CLASSIFICATION NUMBER
Classification number 33:31(540)
Item number STA
100 ## - MAIN ENTRY--AUTHOR NAME
Personal name Aiyar, Saritha
245 #0 - TITLE STATEMENT
Title Statistical outline of India 1999-2000
260 ## - PUBLICATION, DISTRIBUTION, ETC. (IMPRINT)
Place of publication Mumbai
Name of publisher Tata Service
Year of publication 1999
700 ## - ADDED ENTRY--PERSONAL NAME
Personal name Bhandare, S S
942 ## - ADDED ENTRY ELEMENTS (KOHA)
Koha item type Books
Holdings
Withdrawn status Lost status Damaged status Not for loan Home library Current library Date acquired Cost, normal purchase price Full call number Accession Number Koha item type
        RRII Library RRII Library 16/12/2021 175.00 33:31(540) STA 22064 Books